[Event "Llinars del Valles op-B 12th"]
[Site "Llinars del Valles"]
[Date "2018.05.19"]
[Round "5.16"]
[White "Funes Ostos, Aitor"]
[Black "Bordas Galobardes, Pere"]
[Result "0-1"]
[WhiteElo "1366"]
[BlackElo "1494"]
[PlyCount "36"]
[EventDate "2018.04.14"]
[EventType "swiss"]
[EventRounds "8"]
[EventCountry "ESP"]
[SourceTitle "CBM 184 Extra"]
[Source "ChessBase"]
[SourceDate "2018.06.28"]
[SourceVersion "1"]
[SourceVersionDate "2018.06.28"]
[SourceQuality "1"]

1. e4 g6 2. d4 Bg7 3. Nf3 d6 4. h3 b6 5. c3 Bb7 6. Bd3 Nd7 7. Bf4 Ngf6 8. Qe2 0-0 9. Nbd2 Nh5 10. Bg3 Nxg3 11. fxg3 e5 12. Ba6 Bxa6 13. Qxa6 exd4 14. Nxd4 Nc5 15. Qc4 Qg5 16. Ne2 Qe3 17. Rd1 Bh6 18. Nf3 Rae8 0-1

[Event "Llinars del Valles op-B 12th"]
[Site "Llinars del Valles"]
[Date "2018.05.05"]
[Round "4.10"]
[White "Funes Ostos, Aitor"]
[Black "Giro Castellet, Esteve"]
[Result "1/2-1/2"]
[WhiteElo "1366"]
[BlackElo "1610"]
[PlyCount "82"]
[EventDate "2018.04.14"]
[EventType "swiss"]
[EventRounds "8"]
[EventCountry "ESP"]
[SourceTitle "CBM 184 Extra"]
[Source "ChessBase"]
[SourceDate "2018.06.28"]
[SourceVersion "1"]
[SourceVersionDate "2018.06.28"]
[SourceQuality "1"]

1. e4 e6 2. d4 d5 3. exd5 exd5 4. c4 c6 5. Nc3 Be6 6. cxd5 Bxd5 7. Nxd5 Qxd5 8. Nf3 Nf6 9. Bd3 Bd6 10. Qe2+ Be7 11. 0-0 Qd6 12. Re1 h6 13. Bf4 Qd8 14. Bc4 Nd5 15. Bxd5 cxd5 16. Bxb8 Rxb8 17. Nh4 g6 18. Qe5 Rg8 19. Rac1 Kf8 20. Nf3 Bd6 21. Qe3 Kg7 22. Ne5 Re8 23. Qf3 f6 24. Nd3 Rxe1+ 25. Rxe1 Qd7 26. g3 Qf7 27. Nf4 Bxf4 28. Qxf4 Re8 29. Rxe8 Qxe8 30. Qc7+ Qf7 31. Qxf7+ Kxf7 32. Kf1 f5 33. Ke2 g5 34. Kd3 Ke6 35. f3 b6 36. Kc3 Kd6 37. Kb4 Kc6 38. Ka4 a6 39. b3 Kb7 40. b4 Kc6 41. a3 Kd6 1/2-1/2

[Event "Llinars del Valles op-B 12th"]
[Site "Llinars del Valles"]
[Date "2018.04.21"]
[Round "2.24"]
[White "Funes Ostos, Aitor"]
[Black "Altomonte Castilla, Alex"]
[Result "1-0"]
[WhiteElo "1366"]
[BlackElo "1383"]
[PlyCount "59"]
[EventDate "2018.04.14"]
[EventType "swiss"]
[EventRounds "8"]
[EventCountry "ESP"]
[SourceTitle "CBM 184 Extra"]
[Source "ChessBase"]
[SourceDate "2018.06.28"]
[SourceVersion "1"]
[SourceVersionDate "2018.06.28"]
[SourceQuality "1"]

1. e4 e5 2. Nf3 Nc6 3. Bc4 Bc5 4. d3 h6 5. Nc3 Nf6 6. Be3 Bb6 7. h3 d6 8. Qd2 Bxe3 9. fxe3 Be6 10. Bb3 Bxb3 11. axb3 d5 12. exd5 Nxd5 13. Nxd5 Qxd5 14. 0-0 g5 15. Qf2 f6 16. Nd2 Rf8 17. Ne4 f5 18. Ng3 f4 19. exf4 exf4 20. Rae1+ Kd7 21. Ne4 Qd4 22. Nc5+ Kc8 23. Ne6 Qxf2+ 24. Kxf2 Re8 25. Nc5 Ne7 26. Re6 h5 27. Rfe1 b6 28. Ne4 g4 29. Nf6 Rf8 30. Nh7 1-0

[Event "Roncana op-B 11th"]
[Site "Santa Eulalia de Roncana"]
[Date "2017.11.18"]
[Round "8.10"]
[White "Folch Sampera, Enric"]
[Black "Funes Ostos, Aitor"]
[Result "1-0"]
[WhiteElo "1520"]
[BlackElo "1250"]
[PlyCount "145"]
[EventDate "2017.09.23"]
[EventType "swiss"]
[EventRounds "8"]
[EventCountry "ESP"]
[SourceTitle "EXT 2024"]
[Source "ChessBase"]
[SourceDate "2023.10.10"]
[SourceVersion "1"]
[SourceVersionDate "2023.10.10"]
[SourceQuality "1"]

1. e4 e5 2. Nf3 Nc6 3. d4 exd4 4. Nxd4 Bc5 5. Be3 Qf6 6. c3 Nge7 7. Be2 d6 8. 0-0 0-0 9. Bf3 Bd7 10. Nxc6 Bxc6 11. Bxc5 dxc5 12. Nd2 Rad8 13. Qc2 Qg5 14. Rad1 f5 15. Rfe1 fxe4 16. Bxe4 Bxe4 17. Nxe4 Rxd1 18. Qxd1 Qf5 19. Qb3+ c4 20. Qxc4+ Nd5 21. Rf1 Kh8 22. Ng3 Qe5 23. Qc5 Rd8 24. c4 Qxb2 25. cxd5 Qxa2 26. Qxc7 Qxd5 27. Rb1 b5 28. Rxb5 Qd1+ 29. Nf1 a6 30. Rb8 Rg8 31. Rxg8+ Kxg8 32. Qc8+ Kf7 33. Qxa6 g5 34. Qb7+ Kg6 35. Qe4+ Kh6 36. Qc6+ Kg7 37. Qc7+ Kg6 38. h3 Qe1 39. Qd6+ Kg7 40. Qg3 Kg6 41. h4 h6 42. hxg5 hxg5 43. Qf3 Qc1 44. g3 Qc8 45. g4 Qh8 46. Qf5+ Kh6 47. Qe6+ Kh7 48. Qf7+ Kh6 49. Qh5+ Kg7 50. Qxh8+ Kxh8 51. Kg2 Kg7 52. Kg3 Kf6 53. Ne3 Ke5 54. Nf5 Ke4 55. Nd6+ Kd5 56. Nf7 Ke6 57. Nxg5+ Kf6 58. Kf4 Kg6 59. f3 Kf6 60. Ne4+ Kg6 61. g5 Kg7 62. Kf5 Kf7 63. g6+ Kg7 64. Kg5 Kg8 65. f4 Kg7 66. f5 Kg8 67. Kf6 Kh8 68. Ke7 Kg8 69. f6 Kh8 70. f7 Kg7 71. f8Q+ Kxg6 72. Qf6+ Kh5 73. Qg5# 1-0